书目信息 |
| 题名: |
华东地区地质调查成果汇编
|
|
| 作者: | 肖志坚 主编 | |
| 分册: | 2017-2018 | |
| 出版信息: | 武汉 中国地质大学出版社 2018.12 |
|
| 页数: | 320页 | |
| 开本: | 30cm | |
| 丛书名: | 华东地区地质调查成果系列丛书 | |
| 单 册: | ||
| 中图分类: | P562.5 | |
| 科图分类: | ||
| 主题词: | 区域地质调查--qu yu di zhi diao cha--调查报告--华东地区--2017-2018 | |
| 电子资源: | ||
| ISBN: | 978-7-5625-4446-3 | |
| 000 | 01286nam 2200277 450 | |
| 001 | CAL 0120192670215 | |
| 005 | 20230308162006.12 | |
| 010 | @a978-7-5625-4446-3@dCNY218.00 | |
| 100 | @a20190404d2018 em y0chiy0120 ea | |
| 101 | 0 | @achi |
| 102 | @aCN@b420000 | |
| 105 | @aabk a 000yy | |
| 106 | @ar | |
| 200 | 1 | @a华东地区地质调查成果汇编@Ahua dong di qu di zhi diao cha cheng guo hui bian@h2017-2018@f肖志坚 ... [等] 主编 |
| 210 | @a武汉@c中国地质大学出版社@d2018.12 | |
| 215 | @a320页@c图, 地图@d30cm | |
| 225 | 2 | @a华东地区地质调查成果系列丛书@Ahua dong di qu di zhi diao cha cheng guo xi lie cong shu |
| 300 | @a中国地质调查成果CGS 2018-020 “国家地质数据库建设与整合 (中国地质调查局南京地质调查中心) ”项目成果 | |
| 320 | @a有书目 (第316-320页) | |
| 330 | @a本书收录的是中国地质调查局南京地质调查中心2017年度验收合格可进行社会化服务的地质调查项目成果, 按区域地质调查、矿产调查、水文环境地质灾害、信息技术、综合研究、物化探遥感等将成果资料分类, 每类按其最终验收合格时间先后顺序编排。 | |
| 410 | 0 | @12001 @a华东地区地质调查成果系列丛书 |
| 606 | 0 | @a区域地质调查@Aqu yu di zhi diao cha@x调查报告@y华东地区@z2017-2018 |
| 690 | @aP562.5@v5 | |
| 701 | 0 | @a肖志坚@Axiao zhi jian@4主编 |
| 801 | 0 | @aCN@bBJXHXP@c20230308 |
| 905 | @b1408699-701@dP562.5@e182(2017-2018)@f3 | |
| 华东地区地质调查成果汇编.2017-2018/肖志坚 ... [等] 主编.-武汉:中国地质大学出版社,2018.12 |
| 320页:图, 地图;30cm.-(华东地区地质调查成果系列丛书) |
| 中国地质调查成果CGS 2018-020 “国家地质数据库建设与整合 (中国地质调查局南京地质调查中心) ”项目成果 |
| ISBN 978-7-5625-4446-3:CNY218.00 |
| 本书收录的是中国地质调查局南京地质调查中心2017年度验收合格可进行社会化服务的地质调查项目成果, 按区域地质调查、矿产调查、水文环境地质灾害、信息技术、综合研究、物化探遥感等将成果资料分类, 每类按其最终验收合格时间先后顺序编排。 |
| ● |
| 相关链接 |
|
|
|
|
正题名:华东地区地质调查成果汇编
索取号:P562.5/182(2017-2018)
 
预约/预借
| 序号 | 登录号 | 条形码 | 馆藏地/架位号 | 状态 | 备注 |
| 1 | 1408699 | 214086996 | 第二样本阅览室/ [索取号:P562.5/182(2017-2018)] | 在馆 | |
| 2 | 1408700 | 214087003 | 第三借阅区/ [索取号:P562.5/182(2017-2018)] | 在馆 | |
| 3 | 1408701 | 214087012 | 第三借阅区/ [索取号:P562.5/182(2017-2018)] | 在馆 |